| 000 | 00881nam a22002297a 4500 | ||
|---|---|---|---|
| 005 | 20080626104633.0 | ||
| 008 | 080618t xxu||||| |||| 00| 0 eng d | ||
| 010 | _aENG-90408 | ||
| 020 |
_c795.00 _a8131304044 |
||
| 035 | _aEN-73941 | ||
| 037 | _bDBAD / PUB | ||
| 040 |
_aDPL _bEN |
||
| 082 | _a333.716 | ||
| 100 | _aQazi, S. A. | ||
| 245 |
_aNatural resource conservation and environment management / _cby S. A. Qazi (Shaz Sharqi) [and] Navaid Shabir Qazi |
||
| 260 |
_aNew Delhi _bAPH Publishing Corporation _c2008 |
||
| 260 |
_a _b |
||
| 270 |
_a4435-36/7, Ansri Road, Darya Ganj, _bNew Delhi _e110002 |
||
| 300 |
_ax, 304p. _c23 cm (Hb) |
||
| 942 |
_cEN _h333.716 _2ddc _mQAZ |
||
| 999 |
_c14076 _d14076 |
||